00270nam a2200121Ia 4500008004100000041000900041082001600050100001700066245001700083260003200100300000800132650000800140230718s9999 xx 000 0 und d aEng. a1734bETH-L aEthic, Legal 0aLegal Ethics aPakistanbCentral Lawc2015 a148 aLaw